[Event "Enniscrone Sligo op-A"]
[Site "Enniscrone"]
[Date "2025.01.31"]
[Round "1"]
[White "Woods, Christopher"]
[Black "Hushpit, Lukian"]
[Result "1-0"]
[WhiteElo "1903"]
[BlackElo "2035"]
[PlyCount "119"]
[EventDate "2025.01.31"]
[EventType "swiss"]
[EventRounds "5"]
[EventCountry "IRL"]
[SourceTitle "CB06_2025"]
[SourceDate "2025.02.05"]
[SourceVersion "1"]
[SourceVersionDate "2025.02.05"]
[SourceQuality "1"]

1. e4 e5 2. Nc3 Nc6 3. Bc4 Nf6 4. d3 Na5 5. Bb3 Nxb3 6. axb3 d5 7. Nf3 Bb4 8. Bd2 0-0 9. h3 Re8 10. 0-0 dxe4 11. dxe4 h6 12. Qe2 Bd7 13. Rfd1 a6 14. Na4 Bd6 15. Nc3 Bc6 16. Nh2 Qe7 17. Nf1 Bc5 18. Ng3 Bd7 19. Be3 Rad8 20. Bxc5 Qxc5 21. Qc4 Qb6 22. Qe2 Be6 23. Qf3 Rd4 24. Nge2 Rdd8 25. Ng3 Qc6 26. Qe3 Rd7 27. Rxd7 Nxd7 28. Rd1 Nf8 29. Rd2 Ng6 30. Nge2 b5 31. Nd5 Bxd5 32. exd5 Qf6 33. Qc5 Qg5 34. Rd1 Re7 35. Qe3 Qf5 36. Rd2 e4 37. c4 Qe5 38. Nd4 Rd7 39. Nc6 Qf5 40. Re2 Nf4 41. Re1 Nd3 42. Re2 bxc4 43. bxc4 Nf4 44. Re1 Nd3 45. Re2 Nf4 46. Rd2 Kh7 47. Rd4 Ng6 48. Qxe4 Qg5 49. h4 Qc1+ 50. Kh2 h5 51. Qf5 Rd6 52. Qxh5+ Kg8 53. Re4 Kf8 54. Qe2 Kg8 55. Re8+ Kh7 56. h5 Qh6 57. g3 Rf6 58. Kg2 Nf4+ 59. gxf4 Rxf4 60. Re5 1-0

[Event "Dublin Gonzaga op"]
[Site "Dublin"]
[Date "2025.01.18"]
[Round "3"]
[White "Nguyen, Hong Nhung"]
[Black "Hushpit, Lukian"]
[Result "1-0"]
[WhiteElo "2214"]
[BlackElo "2035"]
[PlyCount "73"]
[EventDate "2025.01.17"]
[EventType "swiss"]
[EventRounds "5"]
[EventCountry "IRL"]
[SourceTitle "CB04_2025"]
[SourceDate "2025.01.22"]
[SourceVersion "1"]
[SourceVersionDate "2025.01.22"]
[SourceQuality "1"]

1. e4 e5 2. Nf3 Nc6 3. d4 exd4 4. Bc4 Nf6 5. 0-0 Bc5 6. e5 d5 7. exf6 dxc4 8. fxg7 Rg8 9. Bg5 Qd6 10. Re1+ Be6 11. Nbd2 Qd5 12. Ne4 Be7 13. Bf6 Rd8 14. Qd2 Qf5 15. Nh4 Qh5 16. Qf4 Qg4 17. Qh6 Rxg7 18. f3 Rg6 19. Qxh7 Qh3 20. Qxg6 fxg6 21. gxh3 Bxf6 22. Nxf6+ Kf7 23. Ne4 Bc8 24. a3 Rd5 25. f4 Rh5 26. Ng5+ Kf6 27. Nhf3 Bf5 28. Rad1 Bxc2 29. Nxd4 Bxd1 30. Nxc6 bxc6 31. Rxd1 Rh4 32. Rd4 Kf5 33. Rxc4 Rxf4 34. Rxf4+ Kxf4 35. Ne6+ Ke3 36. h4 c5 37. Nxc5 1-0

[Event "IRL-ch 103rd"]
[Site "Dublin"]
[Date "2024.08.06"]
[Round "4"]
[White "O'Neill, Sam"]
[Black "Hushpit, Lukian"]
[Result "1/2-1/2"]
[WhiteElo "1868"]
[BlackElo "2074"]
[PlyCount "51"]
[EventDate "2024.08.03"]
[EventType "swiss"]
[EventRounds "9"]
[EventCountry "IRL"]
[SourceTitle "CBM 221 Extra"]
[Source "ChessBase"]
[SourceDate "2024.09.30"]
[SourceVersion "1"]
[SourceVersionDate "2024.09.30"]
[SourceQuality "1"]

1. e4 e5 2. Nf3 Nc6 3. Bc4 Bc5 4. c3 Nf6 5. d3 d6 6. Bb3 0-0 7. Nbd2 a6 8. Nf1 Be6 9. Ng3 Qd7 10. Nh4 h6 11. Ngf5 d5 12. Qf3 dxe4 13. dxe4 Bxb3 14. axb3 Kh7 15. Nxg7 Qg4 16. Qxf6 Qxe4+ 17. Kf1 Qd3+ 18. Ke1 Qe4+ 19. Kf1 Qd3+ 20. Ke1 Qe4+ 21. Be3 Bxe3 22. fxe3 Qxe3+ 23. Kf1 Qd3+ 24. Ke1 Qd6 25. Qxd6 cxd6 26. Ngf5 1/2-1/2

[Event "IRL-ch 103rd"]
[Site "Dublin"]
[Date "2024.08.05"]
[Round "3"]
[White "Hushpit, Lukian"]
[Black "Reynolds, Pat"]
[Result "1-0"]
[WhiteElo "2074"]
[BlackElo "1900"]
[PlyCount "49"]
[EventDate "2024.08.03"]
[EventType "swiss"]
[EventRounds "9"]
[EventCountry "IRL"]
[SourceTitle "CBM 221 Extra"]
[Source "ChessBase"]
[SourceDate "2024.09.30"]
[SourceVersion "1"]
[SourceVersionDate "2024.09.30"]
[SourceQuality "1"]

1. e4 e5 2. Nf3 Nc6 3. Bc4 Bc5 4. 0-0 Nf6 5. d3 d6 6. h3 h6 7. a3 0-0 8. Nc3 Be6 9. Bxe6 fxe6 10. Be3 Bb6 11. Na4 Bxe3 12. fxe3 d5 13. exd5 exd5 14. Nc5 Qe7 15. Nb3 Nh5 16. e4 dxe4 17. dxe4 Rad8 18. Qe2 Nf4 19. Qc4+ Kh8 20. Qb5 Rd6 21. Qxb7 Rg6 22. Kh1 Nxg2 23. Nbd2 Qd7 24. Kh2 Nf4 25. Ng1 1-0

[Event "IRL-ch 103rd"]
[Site "Dublin"]
[Date "2024.08.03"]
[Round "1"]
[White "Hushpit, Lukian"]
[Black "O`Reilly, Conor"]
[Result "1-0"]
[WhiteElo "2074"]
[BlackElo "1889"]
[PlyCount "95"]
[EventDate "2024.08.03"]
[EventType "swiss"]
[EventRounds "9"]
[EventCountry "IRL"]
[SourceTitle "CBM 221 Extra"]
[Source "ChessBase"]
[SourceDate "2024.09.30"]
[SourceVersion "1"]
[SourceVersionDate "2024.09.30"]
[SourceQuality "1"]

1. e4 e5 2. Nf3 Nf6 3. Nxe5 Nxe4 4. Qe2 Qe7 5. Qxe4 d6 6. d4 dxe5 7. Qxe5 Qxe5+ 8. dxe5 Nc6 9. f4 Bf5 10. c3 g5 11. Bc4 gxf4 12. Bxf4 Rg8 13. Bg3 Rg4 14. Be2 Re4 15. Nd2 Re3 16. Bf4 Rxe5 17. Bxe5 Nxe5 18. 0-0 Bc5+ 19. Kh1 Bg6 20. Nb3 Bb6 21. c4 c6 22. c5 Bc7 23. Nd4 0-0-0 24. Rad1 Rd5 25. b4 a5 26. a3 axb4 27. axb4 Be4 28. Nf3 Nxf3 29. Rxd5 Bxd5 30. Bxf3 Bc4 31. Re1 Be6 32. h3 Bf4 33. Re4 Bd2 34. Bg4 f5 35. Rxe6 fxg4 36. hxg4 Bg5 37. Re8+ Kd7 38. Rh8 h6 39. Rh7+ Kc8 40. Kh2 Kb8 41. Kg3 Ka7 42. b5 Ka8 43. b6 Bf6 44. Rxh6 Be5+ 45. Kf3 Bb8 46. g3 Be5 47. Re6 Bb8 48. Re1 1-0

[Event "EU-ch Schools U15"]
[Site "Limerick"]
[Date "2024.06.06"]
[Round "8"]
[White "Hushpit, Lukian"]
[Black "Corchon Granero, Mateo"]
[Result "1/2-1/2"]
[WhiteElo "2081"]
[BlackElo "1922"]
[PlyCount "127"]
[EventDate "2024.05.31"]
[EventType "swiss"]
[EventRounds "9"]
[EventCountry "IRL"]
[SourceTitle "CBM 220 Extra"]
[Source "ChessBase"]
[SourceDate "2024.07.31"]
[SourceVersion "1"]
[SourceVersionDate "2024.07.31"]
[SourceQuality "1"]

1. e4 e5 2. Nf3 Nc6 3. Bb5 a6 4. Ba4 Nf6 5. 0-0 Be7 6. Re1 b5 7. Bb3 d6 8. c3 0-0 9. h3 Re8 10. d4 Bf8 11. a4 Bd7 12. Nbd2 h6 13. d5 Ne7 14. Nf1 Ng6 15. Ng3 Nh7 16. Be3 Be7 17. Qd2 Ng5 18. Nxg5 Bxg5 19. Bxg5 Qxg5 20. Qxg5 hxg5 21. axb5 axb5 22. Kf1 Nf4 23. Bc2 g6 24. Ne2 Kf8 25. Ng1 g4 26. hxg4 Bxg4 27. f3 Bd7 28. Kf2 Ke7 29. g3 Rxa1 30. Rxa1 Rh8 31. gxf4 Rh2+ 32. Ke3 Rxc2 33. fxe5 dxe5 34. Rb1 Rg2 35. Ne2 f5 36. Rg1 f4+ 37. Kd2 Rxg1 38. Nxg1 g5 39. Ne2 g4 40. fxg4 Bxg4 41. Nc1 Bf3 42. Kd3 Bg2 43. b3 Kd6 44. b4 f3 45. Ke3 f2 46. Kxf2 Bxe4 47. Ke3 Kxd5 48. Nb3 Bc2 49. Nc5 Kc4 50. Kd2 Bf5 51. Na6 c6 52. Nb8 Kd5 53. Na6 e4 54. Nc5 Kc4 55. Na6 Bc8 56. Nb8 Kd5 57. Ke3 Be6 58. Na6 Kc4 59. Kxe4 Kxc3 60. Ke5 Bc8 61. Nc5 Bh3 62. Kd6 Bg2 63. Na6 Kc4 64. Kc7 1/2-1/2

[Event "EU-ch Schools U15"]
[Site "Limerick"]
[Date "2024.05.31"]
[Round "1"]
[White "Arun, Rahul"]
[Black "Hushpit, Lukian"]
[Result "0-1"]
[WhiteElo "1710"]
[BlackElo "2081"]
[PlyCount "72"]
[EventDate "2024.05.31"]
[EventType "swiss"]
[EventRounds "9"]
[EventCountry "IRL"]
[SourceTitle "CBM 220 Extra"]
[Source "ChessBase"]
[SourceDate "2024.07.31"]
[SourceVersion "1"]
[SourceVersionDate "2024.07.31"]
[SourceQuality "1"]

1. d4 d5 2. c4 e6 3. Nf3 Be7 4. Nc3 Nf6 5. e3 0-0 6. Bd2 b6 7. a3 c5 8. b3 Bb7 9. Bd3 Nc6 10. Ne2 Re8 11. 0-0 Rc8 12. Qb1 Bf8 13. Bc3 cxd4 14. Nexd4 dxc4 15. Bxc4 Nxd4 16. Nxd4 Ne4 17. Be1 Bc5 18. Qb2 e5 19. Nf3 Qf6 20. Rd1 Ng5 21. Nxg5 Qxg5 22. Bd5 Rcd8 23. e4 Ba6 24. Bd2 Qh4 25. g3 Qg4 26. Rfe1 Be2 27. Rc1 Bf3 28. Qc3 Bd4 29. Qd3 Qh5 30. Rc7 Rxd5 31. exd5 Rd8 32. d6 Bg4 33. Rxa7 Bxf2+ 34. Kxf2 Qxh2+ 35. Ke3 Qxg3+ 36. Ke4 f5+ 0-1

[Event "Enniscrone Sligo Winter op"]
[Site "Enniscrone"]
[Date "2024.02.04"]
[Round "?"]
[White "Hushpit, Lukian"]
[Black "Beatty, Ross"]
[Result "0-1"]
[WhiteElo "2021"]
[BlackElo "1831"]
[PlyCount "108"]
[EventDate "2024.02.02"]
[EventType "swiss"]
[EventRounds "5"]
[EventCountry "IRL"]
[SourceTitle "CBM 218 Extra"]
[Source "ChessBase"]
[SourceDate "2024.03.31"]
[SourceVersion "1"]
[SourceVersionDate "2024.03.31"]
[SourceQuality "1"]

1. e4 e6 2. d4 d5 3. exd5 exd5 4. Bd3 Bd6 5. Nf3 h6 6. 0-0 Qf6 7. Ne5 Bf5 8. Re1 Ne7 9. Bxf5 Qxf5 10. c4 dxc4 11. Nxc4 Bb4 12. Bd2 Bxd2 13. Qxd2 Nbc6 14. Ne3 Qg5 15. h4 Qxh4 16. Nd5 Kd7 17. Nxe7 Nxe7 18. Qb4 Nc6 19. Qb5 Rae8 20. Nc3 Kc8 21. Qf5+ Kb8 22. Rxe8+ Rxe8 23. d5 Ne5 24. Rd1 g6 25. Qe4 Qxe4 26. Nxe4 Nc4 27. Nf6 Re2 28. Rd4 Nd6 29. Rb4 a5 30. Ra4 Re1+ 31. Kh2 b6 32. Ng4 h5 33. Ne3 Re2 34. Nd1 Rd2 35. Ne3 Rxf2 36. b4 axb4 37. Rxb4 Rxa2 38. Nc4 Nf5 39. Kh3 f6 40. g3 Kb7 41. Rb3 g5 42. g4 hxg4+ 43. Kxg4 Rf2 44. Na5+ Kc8 45. Nc6 Kd7 46. Rc3 Kd6 47. Nd8 Ne7 48. Nf7+ Kd7 49. Rd3 Rf4+ 50. Kh3 Nf5 51. Kg2 Ke8 52. d6 cxd6 53. Nxd6+ Nxd6 54. Rxd6 b5 0-1

[Event "Dublin op"]
[Site "Dublin"]
[Date "2024.01.07"]
[Round "7"]
[White "Hushpit, Lukian"]
[Black "Nemeth, Zalan"]
[Result "0-1"]
[WhiteElo "2021"]
[BlackElo "2237"]
[PlyCount "112"]
[EventDate "2024.01.04"]
[EventType "swiss"]
[EventRounds "7"]
[EventCountry "IRL"]
[SourceTitle "CBM 218 Extra"]
[Source "ChessBase"]
[SourceDate "2024.03.31"]
[SourceVersion "1"]
[SourceVersionDate "2024.03.31"]
[SourceQuality "1"]

1. e4 c5 2. f4 d5 3. Nc3 d4 4. Nce2 Nc6 5. d3 e5 6. g3 exf4 7. Nxf4 Bd6 8. Nf3 h5 9. h4 Bg4 10. Bg2 Nge7 11. 0-0 Qc7 12. Qe1 f6 13. c3 0-0-0 14. Ne2 Kb8 15. Bf4 Bxf3 16. Bxf3 Bxf4 17. Nxf4 Qe5 18. Be2 Rdg8 19. Kh2 g5 20. Ng2 f5 21. Bd1 f4 22. hxg5 fxg3+ 23. Qxg3 Qxg3+ 24. Kxg3 Rxg5+ 25. Kh2 Ne5 26. cxd4 Nxd3 27. Be2 Nb4 28. dxc5 Rxc5 29. a3 Nbc6 30. Rac1 Re5 31. Rc4 Rd8 32. Rd1 Rf8 33. Rf1 Rxf1 34. Bxf1 Nc8 35. Bd3 Nd6 36. Rc3 Nxe4 37. Bxe4 Rxe4 38. Rh3 Re2 39. b4 Ra2 40. Rc3 Nd4 41. Kh1 Nb5 42. Rc5 Nxa3 43. Ne3 Rb2 44. Nd5 a6 45. Kg1 Nc2 46. Rc4 Ne1 47. Rf4 Rd2 48. Nc3 Rc2 49. Nd5 Ka7 50. Kf1 Nd3 51. Rh4 Rf2+ 52. Kg1 Rf5 53. Ne7 Re5 54. Nc8+ Kb8 55. Nd6 Rd5 56. Nc4 Nxb4 0-1

[Event "Dublin op"]
[Site "Dublin"]
[Date "2024.01.06"]
[Round "5"]
[White "O'Cuilleanain, Oisin"]
[Black "Hushpit, Lukian"]
[Result "1-0"]
[WhiteElo "2101"]
[BlackElo "2021"]
[PlyCount "51"]
[EventDate "2024.01.04"]
[EventType "swiss"]
[EventRounds "7"]
[EventCountry "IRL"]
[SourceTitle "CBM 218 Extra"]
[Source "ChessBase"]
[SourceDate "2024.03.31"]
[SourceVersion "1"]
[SourceVersionDate "2024.03.31"]
[SourceQuality "1"]

1. e4 e5 2. Nf3 Nc6 3. Bb5 a6 4. Ba4 Nf6 5. 0-0 Be7 6. d3 b5 7. Bb3 d6 8. a3 0-0 9. Nc3 Bg4 10. Be3 h6 11. Nd5 Nxd5 12. Bxd5 Qd7 13. Bxc6 Qxc6 14. Nxe5 dxe5 15. Qxg4 Rad8 16. Qe2 Rd6 17. f4 exf4 18. Bxf4 Re6 19. c3 f5 20. e5 g5 21. Bg3 f4 22. Bf2 g4 23. Rae1 Rf5 24. d4 g3 25. Bxg3 Rfxe5 26. Qg4+ 1-0

[Event "Benidorm op-B"]
[Site "Benidorm"]
[Date "2022.12.09"]
[Round "7"]
[White "Hushpit, Lukian"]
[Black "Selva Salvador, Antonio"]
[Result "0-1"]
[WhiteElo "1717"]
[BlackElo "1954"]
[PlyCount "52"]
[EventDate "2022.12.03"]
[EventType "swiss"]
[EventRounds "9"]
[EventCountry "ESP"]
[SourceTitle "CBM 212 Extra"]
[Source "ChessBase"]
[SourceDate "2023.03.31"]
[SourceVersion "1"]
[SourceVersionDate "2023.03.31"]
[SourceQuality "1"]

1. e4 c5 2. f4 e6 3. Nf3 d5 4. Nc3 Nf6 5. exd5 exd5 6. Bb5+ Bd7 7. Bxd7+ Nbxd7 8. 0-0 Be7 9. d3 0-0 10. Kh1 a6 11. a4 Re8 12. b3 Bd6 13. d4 Nf8 14. dxc5 Bxc5 15. Ne5 Ng6 16. Ng4 Nxg4 17. Qxg4 Bd4 18. Bb2 Rc8 19. Rf3 Bf6 20. Rd3 d4 21. Rad1 Qe7 22. Qxc8 Rxc8 23. Nd5 Qe4 24. Nxf6+ gxf6 25. Rxd4 Qxc2 26. R4d2 Qf5 0-1

[Event "Kiev Spring op"]
[Site "Kiev"]
[Date "2021.07.15"]
[Round "7"]
[White "Kamnev, Alexandr"]
[Black "Hushpit, Lukian"]
[Result "1-0"]
[WhiteElo "1967"]
[BlackElo "1383"]
[PlyCount "87"]
[EventDate "2021.07.10"]
[EventType "swiss"]
[EventRounds "9"]
[EventCountry "UKR"]
[SourceTitle "EXT 2024"]
[Source "ChessBase"]
[SourceDate "2023.10.10"]
[SourceVersion "1"]
[SourceVersionDate "2023.10.10"]
[SourceQuality "1"]

1. e4 e5 2. Nf3 Nc6 3. Bb5 a6 4. Bxc6 dxc6 5. 0-0 Bg4 6. h3 Bxf3 7. Qxf3 Qf6 8. Qg3 Bc5 9. d3 Ne7 10. Kh1 Ng6 11. Nc3 0-0 12. Ne2 Bd6 13. Bg5 Qe6 14. Qg4 f5 15. exf5 Qxf5 16. Ng3 Qxg4 17. hxg4 h6 18. Be3 Nf4 19. Ne4 Nd5 20. Kh2 Kh7 21. Kg3 Kg6 22. a3 Rf7 23. Rfe1 Raf8 24. Re2 Be7 25. Rae1 Nf4 26. Bxf4 Rxf4 27. Nd2 Bd6 28. Nc4 b5 29. Nxe5+ Bxe5 30. Rxe5 Rxf2 31. Re6+ R8f6 32. Rxf6+ Rxf6 33. Re7 Rf7 34. Re8 c5 35. Re5 Rf6 36. Rxc5 c6 37. b4 Kf7 38. Rf5 Ke6 39. Kf4 Rxf5+ 40. gxf5+ Kd5 41. c3 c5 42. g4 cxb4 43. axb4 Kd6 44. Ke4 1-0

[Event "Kiev Spring op"]
[Site "Kiev"]
[Date "2021.07.13"]
[Round "5"]
[White "Koshel, Stanislav"]
[Black "Hushpit, Lukian"]
[Result "0-1"]
[WhiteElo "1810"]
[BlackElo "1383"]
[PlyCount "122"]
[EventDate "2021.07.10"]
[EventType "swiss"]
[EventRounds "9"]
[EventCountry "UKR"]
[SourceTitle "EXT 2024"]
[Source "ChessBase"]
[SourceDate "2023.10.10"]
[SourceVersion "1"]
[SourceVersionDate "2023.10.10"]
[SourceQuality "1"]

1. e4 e5 2. Nf3 Nc6 3. Bb5 a6 4. Ba4 Nf6 5. 0-0 Be7 6. Re1 b5 7. Bb3 d6 8. c3 0-0 9. h3 Bb7 10. a4 h6 11. d3 Re8 12. Nbd2 Bf8 13. Nf1 Na5 14. Bc2 c5 15. Ng3 g6 16. Be3 Bg7 17. Qd2 Kh7 18. Rad1 Qc7 19. Nh2 d5 20. Qc1 dxe4 21. dxe4 Nc4 22. f3 Nxe3 23. Qxe3 Rad8 24. Ne2 Rxd1 25. Rxd1 Rd8 26. Rxd8 Qxd8 27. axb5 axb5 28. Nf1 Qd6 29. Bb3 Kg8 30. g4 Nd7 31. Qd2 Bf8 32. Kf2 c4 33. Qxd6 Bxd6 34. Bc2 Bc5+ 35. Ne3 Nf8 36. f4 Ne6 37. fxe5 Ng5 38. Nf4 Nxe4+ 39. Ke2 Ng3+ 40. Kd2 g5 41. Nfd5 Nf1+ 42. Ke2 Nxe3 43. Nxe3 Bxe3 44. Kxe3 Bg2 45. Be4 Bxh3 46. Kf3 Kf8 47. Bc6 Ke7 48. Bxb5 Bf1 49. b3 Ke6 50. bxc4 Kxe5 51. Ke3 f5 52. gxf5 Kxf5 53. Bd7+ Ke5 54. c5 h5 55. Kf3 Bd3 56. c6 Kd6 57. Be8 h4 58. Bd7 Bf1 59. c4 Bxc4 60. Kg4 Be6+ 61. Kxg5 h3 0-1